000
00182 a2200097 4500
001
1385
100
_a
ASM
245
_a
Cutting of metals
260
_a
_b
ASME
_c
090
_c
933
_d
933
942
_a
NUST-CAE
_c
M
_c
36189
999
_c
236458
_d
236458